000
00322nam a2200145Ia 4500
003
OSt
008
191201s2002 xx 000 0 und d
082
_a
658
_b
KUM
100
_a
KUMAR, Sharot
245
0
_a
Mind your Management
260
_a
NewDelhi
_b
Excel Books
_c
2002
300
_a
153
650
_a
MBA
942
_2
ddc
_c
BK
999
_c
2716
_d
2716